[Event "FRA-ch U20"]
[Site "Agen"]
[Date "2021.10.28"]
[Round "6.8"]
[White "Samson, Valentin"]
[Black "Canivet, Arnaud"]
[Result "0-1"]
[WhiteElo "1811"]
[BlackElo "1892"]
[PlyCount "94"]
[EventDate "2021.10.25"]
[EventType "swiss"]
[EventRounds "9"]
[EventCountry "FRA"]
[SourceTitle "EXT 2023"]
[Source "ChessBase"]
[SourceDate "2022.10.05"]
[SourceVersion "1"]
[SourceVersionDate "2022.10.05"]
[SourceQuality "1"]

1. e4 d5 2. exd5 Qxd5 3. Nc3 Qa5 4. d4 Nf6 5. Bc4 Nc6 6. d5 Nb4 7. Bd2 Bg4 8. Nf3 Qc5 9. Bb5+ c6 10. dxc6 Nxc6 11. Be3 Qh5 12. Qe2 e5 13. 0-0-0 Be7 14. Qc4 0-0 15. Bxc6 Rfc8 16. Qa4 Rxc6 17. Rd2 a6 18. Ng5 Rac8 19. f3 Bd7 20. Qb3 Bc5 21. Bxc5 Qxg5 22. Be7 Be6 23. Qxb7 R6c7 24. Bxf6 Qxd2+ 25. Kxd2 Rxb7 26. Bxe5 Rxb2 27. Rc1 Rd8+ 28. Ke3 Bf5 29. Ne4 Rxa2 30. g4 Bxe4 31. Kxe4 f6 32. Bd4 Ra4 33. c4 Kf7 34. Bb6 Rd6 35. Bc5 Rd7 36. f4 g6 37. Bd4 Ra2 38. h4 Rg2 39. g5 f5+ 40. Kf3 Rh2 41. Bf2 Rd3+ 42. Ke2 Ra3 43. Rc2 Ke6 44. c5 Kd7 45. c6+ Kc7 46. Kf1 Rf3 47. Kg1 Rhxf2 0-1

[Event "FRA-ch U20"]
[Site "Agen"]
[Date "2021.10.25"]
[Round "2.6"]
[White "Samson, Valentin"]
[Black "Long, Raphael"]
[Result "0-1"]
[WhiteElo "1811"]
[BlackElo "1755"]
[PlyCount "52"]
[EventDate "2021.10.25"]
[EventType "swiss"]
[EventRounds "9"]
[EventCountry "FRA"]
[SourceTitle "EXT 2023"]
[Source "ChessBase"]
[SourceDate "2022.10.05"]
[SourceVersion "1"]
[SourceVersionDate "2022.10.05"]
[SourceQuality "1"]

1. e4 c5 2. Nf3 g6 3. c3 Bg7 4. d4 cxd4 5. cxd4 d5 6. e5 Bg4 7. Nc3 Nh6 8. Qb3 0-0 9. Qxb7 Bxf3 10. Qxa8 Qb6 11. Bb5 Bxg2 12. Rg1 Be4 13. Be3 a6 14. Nxe4 Qxb5 15. Nc3 Qxb2 16. Rc1 Nf5 17. Bd2 Nxd4 18. Qxd5 Nbc6 19. Rb1 Qc2 20. Rc1 Qf5 21. f4 Rd8 22. Qe4 Qh3 23. Kf2 Nb3 24. axb3 Rxd2+ 25. Ne2 Nd4 26. Rce1 Qh4+ 0-1

[Event "Hamburg-ch MB"]
[Site "Hamburg"]
[Date "2018.05.26"]
[Round "8"]
[White "Samson, Valentin"]
[Black "Lohse, Marc"]
[Result "1-0"]
[WhiteElo "1423"]
[BlackElo "1979"]
[PlyCount "27"]
[EventDate "2018.05.19"]
[EventType "swiss"]
[EventRounds "9"]
[EventCountry "GER"]
[SourceTitle "EXT 2020"]
[Source "ChessBase"]
[SourceDate "2019.10.17"]
[SourceVersion "1"]
[SourceVersionDate "2019.10.17"]
[SourceQuality "1"]

1. e4 c5 2. c3 Qa5 3. Nf3 Nc6 4. Bc4 d6 5. 0-0 b5 6. Bb3 c4 7. Bc2 b4 8. b3 Ba6 9. bxc4 Bxc4 10. Ba4 Rc8 11. Nd4 Bxf1 12. Nxc6 Qg5 13. Qxf1 Ra8 14. Ne5+ 1-0

[Event "Hamburg-ch MB"]
[Site "Hamburg"]
[Date "2018.05.23"]
[Round "5"]
[White "Krotofil, Kurt"]
[Black "Samson, Valentin"]
[Result "1/2-1/2"]
[WhiteElo "1896"]
[BlackElo "1423"]
[PlyCount "52"]
[EventDate "2018.05.19"]
[EventType "swiss"]
[EventRounds "9"]
[EventCountry "GER"]
[SourceTitle "EXT 2020"]
[Source "ChessBase"]
[SourceDate "2019.10.17"]
[SourceVersion "1"]
[SourceVersionDate "2019.10.17"]
[SourceQuality "1"]

1. d4 d5 2. c4 c6 3. Nf3 Nf6 4. Nc3 e6 5. e3 a6 6. cxd5 exd5 7. Bd3 Bd6 8. 0-0 Bg4 9. h3 Bh5 10. Re1 0-0 11. e4 dxe4 12. Nxe4 Nxe4 13. Bxe4 Nd7 14. Qc2 Nf6 15. Bg5 Bxf3 16. Bxf3 h6 17. Bd2 Qb6 18. Rad1 Rfe8 19. Rxe8+ Rxe8 20. b3 Bb4 21. Bxb4 Qxb4 22. Qc5 a5 23. Qxb4 axb4 24. Rc1 Nd5 25. Bxd5 cxd5 26. Rc7 Re1+ 1/2-1/2

[Event "Hamburg-ch MB"]
[Site "Hamburg"]
[Date "2018.05.21"]
[Round "3"]
[White "Foo, Tzun Hong"]
[Black "Samson, Valentin"]
[Result "1/2-1/2"]
[WhiteElo "1851"]
[BlackElo "1423"]
[PlyCount "130"]
[EventDate "2018.05.19"]
[EventType "swiss"]
[EventRounds "9"]
[EventCountry "GER"]
[SourceTitle "EXT 2020"]
[Source "ChessBase"]
[SourceDate "2019.10.17"]
[SourceVersion "1"]
[SourceVersionDate "2019.10.17"]
[SourceQuality "1"]

1. e4 e6 2. d4 d5 3. exd5 exd5 4. c4 Nf6 5. Nc3 Bb4 6. Nf3 0-0 7. Bd3 Bg4 8. 0-0 Nc6 9. Be3 Na5 10. cxd5 Bxc3 11. bxc3 Qxd5 12. Be2 Ne4 13. Qc2 f5 14. c4 Qe6 15. d5 Qe7 16. Nd4 Bxe2 17. Nxe2 c6 18. Nf4 cxd5 19. Nxd5 Qf7 20. Qa4 Nc6 21. f3 Nf6 22. Rad1 Rfd8 23. Qb5 Nxd5 24. cxd5 a6 25. Qc5 Ne7 26. Bg5 Rd7 27. Bxe7 Qxe7 28. d6 Qf8 29. Rfe1 Rc8 30. Qd5+ Qf7 31. Qe5 Kf8 32. Qd4 Rc6 33. Qb4 Qf6 34. Rc1 Qxd6 35. Qxd6+ Rcxd6 36. Rc5 g6 37. a4 Rd1 38. Kf2 Rxe1 39. Kxe1 Ke7 40. Ke2 Kd6 41. Rc1 Rc7 42. Rd1+ Ke6 43. Rd2 Rc4 44. Rb2 Rc7 45. Kd3 Kd6 46. a5 Kc6 47. Rc2+ Kd7 48. Rb2 Kc8 49. Kd4 Rc1 50. Ra2 Kd7 51. Kd5 Rb1 52. Kc5 Rb5+ 53. Kc4 Kc6 54. g3 b6 55. axb6 Kxb6 56. Re2 Rc5+ 57. Kb3 a5 58. Re7 h6 59. Re6+ Rc6 60. Re8 Kb5 61. Rb8+ Rb6 62. Rc8 Ka6+ 63. Ka3 g5 64. Rc5 f4 65. gxf4 gxf4 1/2-1/2

[Event "GER-chT U14"]
[Site "Duesseldorf"]
[Date "2016.12.28"]
[Round "4.3"]
[White "Henning, Marvin"]
[Black "Samson, Valentin"]
[Result "1/2-1/2"]
[WhiteElo "1878"]
[BlackElo "1577"]
[PlyCount "110"]
[EventDate "2016.12.27"]
[EventType "team-swiss"]
[EventRounds "7"]
[EventCountry "GER"]
[SourceTitle "EXT 2018"]
[Source "ChessBase"]
[SourceDate "2017.10.13"]
[SourceVersion "1"]
[SourceVersionDate "2017.10.13"]
[SourceQuality "1"]
[WhiteTeam "Halle Reideburger U14"]
[BlackTeam "Hamburg Koenigsspringer U14"]
[WhiteTeamCountry "GER"]
[BlackTeamCountry "GER"]

1. e4 e6 2. d4 d5 3. exd5 exd5 4. Bd3 Nf6 5. Bf4 Bd6 6. Ne2 0-0 7. 0-0 Bg4 8. f3 Bh5 9. Nbc3 Bg6 10. Re1 Nc6 11. Bg5 Be7 12. Bxg6 fxg6 13. Nf4 Qd7 14. Kh1 Kh8 15. Qd2 Ng8 16. Bxe7 Ncxe7 17. Re2 c6 18. Rae1 Rae8 19. Nd1 Nf6 20. Nf2 Nf5 21. N2d3 Rxe2 22. Rxe2 b6 23. Ne5 Qc8 24. Ne6 Re8 25. Ng5 Qa6 26. Qe1 Kg8 27. Nd3 Rxe2 28. Qxe2 Qc8 29. c3 h6 30. Nh3 g5 31. Nhf2 Qe8 32. Ne5 Nd7 33. Nfd3 c5 34. Qf2 Nxe5 35. Nxe5 cxd4 36. cxd4 Qa4 37. b3 Qxd4 38. Qxd4 Nxd4 39. Kg1 Kf8 40. Kf2 Ke7 41. Ke3 Nf5+ 42. Kd3 Kd6 43. Ng4 a5 44. g3 b5 45. a3 h5 46. Nf2 Kc5 47. Nh3 g4 48. fxg4 hxg4 49. Nf4 Kd6 50. Ng6 Ne7 51. Nf4 g5 52. Ne2 Kc5 53. Nd4 Nc6 54. Ne6+ Kd6 55. Nxg5 Ne5+ 1/2-1/2

[Event "GER-chT U14"]
[Site "Duesseldorf"]
[Date "2016.12.28"]
[Round "3.3"]
[White "Samson, Valentin"]
[Black "Fromm, Nick"]
[Result "1-0"]
[WhiteElo "1577"]
[BlackElo "1474"]
[PlyCount "67"]
[EventDate "2016.12.27"]
[EventType "team-swiss"]
[EventRounds "7"]
[EventCountry "GER"]
[SourceTitle "EXT 2018"]
[Source "ChessBase"]
[SourceDate "2017.10.13"]
[SourceVersion "1"]
[SourceVersionDate "2017.10.13"]
[SourceQuality "1"]
[WhiteTeam "Hamburg Koenigsspringer U14"]
[BlackTeam "Kassel Caissa U14"]
[WhiteTeamCountry "GER"]
[BlackTeamCountry "GER"]

1. e4 e6 2. d4 d5 3. Nc3 Bb4 4. exd5 exd5 5. Bd3 Nc6 6. Nf3 Bg4 7. a3 Ba5 8. Be3 Nf6 9. 0-0 0-0 10. Be2 a6 11. b4 Bb6 12. Na4 Ba7 13. Nc5 Rb8 14. Rc1 a5 15. c3 Bxc5 16. dxc5 axb4 17. cxb4 Ra8 18. Ra1 Ne4 19. Qc2 Qf6 20. b5 Bxf3 21. Bxf3 Na5 22. Bxe4 dxe4 23. Qxe4 Rfd8 24. Rfd1 Nb3 25. Rxd8+ Qxd8 26. Re1 Rxa3 27. Bc1 Ra8 28. Qxb7 Ra1 29. Qxc7 Qa8 30. Qf4 Rxc1 31. Rxc1 Nxc1 32. Qxc1 Qa5 33. c6 Qc7 34. b6 1-0

[Event "GER-chT U14"]
[Site "Duesseldorf"]
[Date "2016.12.27"]
[Round "1.3"]
[White "Samson, Valentin"]
[Black "Engel, Robert"]
[Result "1/2-1/2"]
[WhiteElo "1577"]
[BlackElo "1915"]
[PlyCount "70"]
[EventDate "2016.12.27"]
[EventType "team-swiss"]
[EventRounds "7"]
[EventCountry "GER"]
[SourceTitle "EXT 2018"]
[Source "ChessBase"]
[SourceDate "2017.10.13"]
[SourceVersion "1"]
[SourceVersionDate "2017.10.13"]
[SourceQuality "1"]
[WhiteTeam "Hamburg Koenigsspringer U14"]
[BlackTeam "Hamburger SK U14"]
[WhiteTeamCountry "GER"]
[BlackTeamCountry "GER"]

1. Nc3 d5 2. e4 d4 3. Nce2 e5 4. d3 c5 5. f4 Bd6 6. Nf3 Nc6 7. c3 exf4 8. cxd4 cxd4 9. Bxf4 Bxf4 10. Nxf4 Nf6 11. Rc1 Qd6 12. Qd2 0-0 13. h3 Ne5 14. Be2 b6 15. 0-0 Ba6 16. Bd1 Nxd3 17. Nxd3 Nxe4 18. Qc2 Rac8 19. Qb1 Rxc1 20. Nxc1 Bxf1 21. Qxe4 Ba6 22. Nxd4 Qc7 23. Bc2 g6 24. Nce2 Bb7 25. Qe3 Kg7 26. Qc3 Qxc3 27. Nxc3 Rd8 28. Nb3 f5 29. Kf2 Kf6 30. h4 h6 31. g3 g5 32. hxg5+ hxg5 33. Nb5 a6 34. N5d4 f4 35. gxf4 gxf4 1/2-1/2